| 000 | 00726nam a2200193 i 4500 | ||
|---|---|---|---|
| 001 | 166805 | ||
| 003 | ES-MaACL | ||
| 005 | 20250822062557.0 | ||
| 008 | 940206q18911900sp |||| | lat d | ||
| 100 | 1 |
_aUrráburu, Juan José. _9112222 |
|
| 245 | 1 | 0 |
_aInstitutiones philosophicae quas Romae in Pontificia Universitate Gregoriana. _nIV, _pPsychología / _ctradiderat P. Joannes Josephus Urráburu. |
| 260 |
_aVallisoleti : _b[s.n.], _c1891 ( _fTyp. Viduae ac Filiorum a Cuesta) |
||
| 300 |
_a1 v. (VII, 991 p.) ; _c24 cm. |
||
| 650 | 0 | 7 |
_aPsicología _2embne _916540 |
| 700 | 1 |
_aCuesta, Viuda e hijos de. _9126665 |
|
| 752 |
_aEspaña - _d, Valladolid |
||
| 852 |
_aES-MaACL _jF-794 _z- Enc. hol. |
||
| 999 |
_c166805 _d166805 |
||